000 00354nam a2200121Ia 4500
008 191023s9999 xx 000 0 und d
020 _a9781435460492
100 _aWyman, David M.
245 _cDavid M. Wyman.--
_aFearless photographer :
_bnature /
260 _aUSA :
_bCengage Learning
_c2017
300 _axiv, 226 pages.
650 _aNature photography
999 _c362310
_d362310